000 00441nam a2200169Ia 4500
003 Ost
005 20260225132600.0
008 260225s9999||||xx |||||||||||||| ||und||
020 _a2110044586
040 _cfsic
041 _afre
082 _a70.4
100 _arémy le champion
_eAuteur
245 0 _atélévision de pénurie , télévision d'abondance :
245 0 _bdes orogines à internet /
_crémy le champion
942 _cكتاب
999 _c34726
_d34726